[Event "WCO 2016"]
[Site "?"]
[Date "2016.09.09"]
[Round "7"]
[Board "15"]
[WhiteID "10201955"]
[White "Mohammad Minhaz Uddin "]
[BlackID "911925"]
[Black "Indjic Aleksandar"]
[Result "0-1"]
[BlackElo "2548"]
[WhiteElo "2413"]
[LiveChessVersion "1.4.8"]

1. e4 {[%clk 1:30:57]} c5 {[%clk 1:30:00]} 2. Nf3 {[%clk 1:31:22]} d6
{[%clk 1:29:36]} 3. Bb5+ {[%clk 1:31:30]} Nd7 {[%clk 1:29:31]} 4. O-O
{[%clk 1:31:36]} Ngf6 {[%clk 1:29:51]} 5. Re1 {[%clk 1:31:53]} a6
{[%clk 1:28:39]} 6. Bf1 {[%clk 1:27:51]} b6 {[%clk 1:28:37]} 7. d4
{[%clk 1:26:40]} cxd4 {[%clk 1:28:56]} 8. Nxd4 {[%clk 1:27:04]} Bb7
{[%clk 1:29:20]} 9. f3 {[%clk 1:27:16]} e6 {[%clk 1:27:34]} 10. c4
{[%clk 1:27:27]} Be7 {[%clk 1:27:22]} 11. Nc3 {[%clk 1:27:41]} Rc8
{[%clk 1:27:39]} 12. Be3 {[%clk 1:23:05]} O-O {[%clk 1:27:04]} 13. Rc1
{[%clk 1:20:01]} h5 {[%clk 1:18:35]} 14. Bf2 {[%clk 1:09:12]} Ne5
{[%clk 1:14:23]} 15. b3 {[%clk 1:05:19]} Ng6 {[%clk 1:14:39]} 16. g3
{[%clk 0:57:31]} Re8 {[%clk 1:11:24]} 17. Bh3 {[%clk 0:56:04]} Bf8
{[%clk 1:04:33]} 18. Be3 {[%clk 0:50:43]} h4 {[%clk 0:37:38]} 19. Bf2
{[%clk 0:38:55]} Rc5 {[%clk 0:36:06]} 20. Bg2 {[%clk 0:30:00]} hxg3
{[%clk 0:35:23]} 21. hxg3 {[%clk 0:30:23]} Rh5 {[%clk 0:35:47]} 22. Nc2
{[%clk 0:19:44]} b5 {[%clk 0:29:52]} 23. cxb5 {[%clk 0:16:43]} axb5
{[%clk 0:30:14]} 24. Qe2 {[%clk 0:16:26]} d5 {[%clk 0:24:29]} 25. exd5
{[%clk 0:12:33]} b4 {[%clk 0:22:05]} 26. Ne4 {[%clk 0:11:53]} Nxd5
{[%clk 0:22:18]} 27. f4 {[%clk 0:08:22]} Rh6 {[%clk 0:20:40]} 28. Qd2
{[%clk 0:04:27]} Qa8 {[%clk 0:20:49]} 29. Bc5 {[%clk 0:02:27]} Ndxf4
{[%clk 0:17:36]} 30. Bxf8 {[%clk 0:01:31]} Nxg2 {[%clk 0:17:33]} 31. Bxg7
{[%clk 0:00:48]} Kxg7 {[%clk 0:17:53]} 32. Nd6 {[%clk 0:00:41]} Nxe1 0-1

[Event "WCO 2016"]
[Site "?"]
[Date "2016.09.09"]
[Round "7"]
[Board "30"]
[WhiteID "2101246"]
[White "Leitao Rafael"]
[BlackID "7800509"]
[Black "Wahid Hussain"]
[Result "1-0"]
[BlackElo "2018"]
[WhiteElo "2616"]
[LiveChessVersion "1.4.8"]

1. d4 {[%clk 1:30:54]} Nf6 {[%clk 1:30:47]} 2. c4 {[%clk 1:31:10]} e6
{[%clk 1:31:01]} 3. Nc3 {[%clk 1:30:38]} Bb4 {[%clk 1:30:36]} 4. e3
{[%clk 1:30:50]} O-O {[%clk 1:29:47]} 5. Nge2 {[%clk 1:31:13]} b6
{[%clk 1:28:34]} 6. a3 {[%clk 1:29:57]} Bxc3+ {[%clk 1:28:55]} 7. Nxc3
{[%clk 1:30:22]} Bb7 {[%clk 1:29:07]} 8. Bd3 {[%clk 1:19:43]} d5 {[%clk 1:27:56]}
9. O-O {[%clk 1:19:46]} Nbd7 {[%clk 1:28:04]} 10. b4 {[%clk 1:01:34]} c5
{[%clk 1:17:58]} 11. dxc5 {[%clk 0:57:51]} bxc5 {[%clk 1:17:55]} 12. cxd5
{[%clk 0:57:36]} cxb4 {[%clk 1:12:12]} 13. axb4 {[%clk 0:56:09]} Ne5
{[%clk 1:11:09]} 14. Be2 {[%clk 0:49:30]} exd5 {[%clk 1:07:57]} 15. Qb3
{[%clk 0:38:55]} Qe7 {[%clk 0:53:46]} 16. Ba3 {[%clk 0:27:32]} Rfc8
{[%clk 0:52:14]} 17. Rfc1 {[%clk 0:27:23]} Nc4 {[%clk 0:50:47]} 18. Nxd5
{[%clk 0:23:34]} Bxd5 {[%clk 0:37:20]} 19. Bxc4 {[%clk 0:23:55]} Rxc4
{[%clk 0:34:05]} 20. Rxc4 {[%clk 0:24:21]} Ne4 {[%clk 0:29:53]} 21. Rd1
{[%clk 0:13:24]} Qf6 {[%clk 0:22:00]} 22. f3 {[%clk 0:12:41]} Bxc4
{[%clk 0:21:14]} 23. Qxc4 {[%clk 0:13:02]} Ng5 {[%clk 0:18:55]} 24. Qd5
{[%clk 0:09:51]} Rb8 {[%clk 0:12:29]} 25. Bb2 {[%clk 0:07:54]} Qe7
{[%clk 0:12:08]} 26. Qe5 {[%clk 0:08:06]} Qxe5 {[%clk 0:12:12]} 27. Bxe5
{[%clk 0:08:32]} Ra8 {[%clk 0:11:42]} 28. Ra1 {[%clk 0:08:15]} Ne6
{[%clk 0:10:36]} 29. b5 {[%clk 0:08:11]} f6 {[%clk 0:10:31]} 30. Bg3
{[%clk 0:08:37]} Nc5 {[%clk 0:08:57]} 31. b6 {[%clk 0:08:02]} a5 {[%clk 0:08:43]}
32. Rc1 {[%clk 0:08:23]} Nb7 {[%clk 0:08:02]} 33. Rc7 {[%clk 0:08:40]} Rb8
{[%clk 0:02:37]} 34. Rd7 {[%clk 0:08:30]} Nc5 {[%clk 0:02:11]} 35. Rd5
{[%clk 0:08:41]} Rxb6 {[%clk 0:02:31]} 36. Rxc5 {[%clk 0:09:06]} Rb1+
{[%clk 0:02:51]} 37. Kf2 {[%clk 0:09:32]} Rb2+ {[%clk 0:03:15]} 38. Kf1
{[%clk 0:09:59]} a4 {[%clk 0:03:39]} 39. Ra5 {[%clk 0:10:20]} Ra2
{[%clk 0:04:02]} 40. Ra7 {[%clk 0:40:14]} a3 {[%clk 0:34:13]} 41. Be1
{[%clk 0:39:33]} Ra1 {[%clk 0:34:20]} 42. e4 {[%clk 0:39:51]} h5 {[%clk 0:31:58]}
43. f4 {[%clk 0:39:50]} Kh7 {[%clk 0:30:09]} 44. Kf2 {[%clk 0:37:24]} Kg8
{[%clk 0:28:17]} 45. Bc3 {[%clk 0:37:07]} Ra2+ {[%clk 0:27:36]} 46. Kf3
{[%clk 0:37:29]} h4 {[%clk 0:27:40]} 47. h3 {[%clk 0:37:38]} Kh8 {[%clk 0:27:09]}
48. e5 {[%clk 0:37:38]} fxe5 {[%clk 0:27:17]} 49. fxe5 {[%clk 0:37:23]} Kg8
{[%clk 0:26:47]} 50. e6 {[%clk 0:37:29]} 1-0

[Event "WCO 2016"]
[Site "?"]
[Date "2016.09.09"]
[Round "7"]
[Board "12"]
[WhiteID "8700435"]
[White "Chumfwa Kelvin"]
[BlackID "3000508"]
[Black "Larrea Manuel"]
[Result "1-0"]
[BlackElo "2279"]
[WhiteElo "2240"]
[LiveChessVersion "1.4.8"]

1. d4 {[%clk 1:30:42]} Nf6 {[%clk 1:30:55]} 2. Nc3 {[%clk 1:29:37]} c5
{[%clk 1:28:06]} 3. Bg5 {[%clk 1:26:04]} cxd4 {[%clk 1:28:01]} 4. Qxd4
{[%clk 1:26:23]} Nc6 {[%clk 1:28:11]} 5. Qd2 {[%clk 1:22:52]} e6 {[%clk 1:27:52]}
6. e4 {[%clk 1:19:52]} h6 {[%clk 1:26:35]} 7. Bh4 {[%clk 1:18:30]} Nxe4
{[%clk 1:23:28]} 8. Nxe4 {[%clk 0:51:38]} Qxh4 {[%clk 1:23:48]} 9. Bd3
{[%clk 0:51:31]} d5 {[%clk 1:20:26]} 10. Nf3 {[%clk 0:50:01]} Qd8
{[%clk 1:17:46]} 11. Ng3 {[%clk 0:50:16]} g6 {[%clk 1:17:52]} 12. O-O
{[%clk 0:48:18]} Bg7 {[%clk 1:14:29]} 13. c3 {[%clk 0:48:09]} O-O
{[%clk 1:14:36]} 14. Rad1 {[%clk 0:47:54]} e5 {[%clk 1:01:17]} 15. Bb5
{[%clk 0:42:56]} e4 {[%clk 0:58:02]} 16. Bxc6 {[%clk 0:39:46]} bxc6
{[%clk 0:58:27]} 17. Nd4 {[%clk 0:36:35]} Qb6 {[%clk 0:56:38]} 18. b4
{[%clk 0:32:15]} a5 {[%clk 0:54:49]} 19. a3 {[%clk 0:29:43]} axb4
{[%clk 0:50:47]} 20. axb4 {[%clk 0:30:07]} Ba6 {[%clk 0:49:09]} 21. Rfe1
{[%clk 0:30:26]} Rae8 {[%clk 0:46:17]} 22. Ra1 {[%clk 0:27:48]} Bc4
{[%clk 0:43:29]} 23. Ra5 {[%clk 0:27:16]} f5 {[%clk 0:37:55]} 24. Rc5
{[%clk 0:25:38]} Rf6 {[%clk 0:35:01]} 25. h4 {[%clk 0:21:51]} Bf8
{[%clk 0:32:00]} 26. h5 {[%clk 0:16:41]} Bxc5 {[%clk 0:24:53]} 27. bxc5
{[%clk 0:17:04]} Qxc5 {[%clk 0:24:06]} 28. Qxh6 {[%clk 0:10:53]} Qf8
{[%clk 0:19:25]} 29. Qg5 {[%clk 0:10:50]} f4 {[%clk 0:11:18]} 30. Ngf5
{[%clk 0:09:57]} c5 {[%clk 0:09:58]} 31. Nh6+ {[%clk 0:08:18]} Kh7
{[%clk 0:10:17]} 32. Ng4 {[%clk 0:08:38]} Rfe6 {[%clk 0:03:47]} 33. hxg6+
{[%clk 0:05:11]} Rxg6 {[%clk 0:03:06]} 34. Qh5+ {[%clk 0:05:40]} Kg7
{[%clk 0:03:30]} 35. Nf5+ {[%clk 0:06:07]} Kf7 {[%clk 0:03:54]} 36. Ra1
{[%clk 0:04:33]} Ree6 {[%clk 0:03:29]} 37. Ra7+ {[%clk 0:04:44]} Kg8
{[%clk 0:03:55]} 1-0

[Event "WCO 2016"]
[Site "?"]
[Date "2016.09.09"]
[Round "7"]
[Board "17"]
[WhiteID "7200595"]
[White "Ziska Helgi Dam"]
[BlackID "6700640"]
[Black "Arias Daniel"]
[Result "1-0"]
[BlackElo "2285"]
[WhiteElo "2546"]
[LiveChessVersion "1.4.8"]

1. e4 {[%clk 1:30:46]} c5 {[%clk 1:29:50]} 2. Nf3 {[%clk 1:30:51]} d6
{[%clk 1:30:12]} 3. Bb5+ {[%clk 1:31:02]} Nd7 {[%clk 1:30:35]} 4. O-O
{[%clk 1:31:06]} Ngf6 {[%clk 1:28:18]} 5. Re1 {[%clk 1:30:44]} a6
{[%clk 1:28:43]} 6. Bf1 {[%clk 1:26:12]} e5 {[%clk 1:23:03]} 7. c3
{[%clk 1:21:33]} Be7 {[%clk 1:23:15]} 8. d4 {[%clk 1:19:30]} O-O {[%clk 1:22:55]}
9. a4 {[%clk 1:17:13]} b6 {[%clk 1:17:27]} 10. Na3 {[%clk 1:07:15]} Bb7
{[%clk 1:16:57]} 11. d5 {[%clk 1:07:08]} Re8 {[%clk 1:08:48]} 12. Rb1
{[%clk 1:01:02]} Qc7 {[%clk 0:53:10]} 13. Nd2 {[%clk 0:58:12]} Rf8
{[%clk 0:48:21]} 14. Ndc4 {[%clk 0:45:04]} Ne8 {[%clk 0:46:40]} 15. b4
{[%clk 0:42:59]} Rb8 {[%clk 0:45:19]} 16. bxc5 {[%clk 0:34:05]} bxc5
{[%clk 0:45:02]} 17. a5 {[%clk 0:27:59]} f5 {[%clk 0:44:45]} 18. f3
{[%clk 0:23:53]} Nef6 {[%clk 0:37:10]} 19. Bd3 {[%clk 0:23:35]} Nh5
{[%clk 0:30:11]} 20. Re2 {[%clk 0:19:08]} fxe4 {[%clk 0:27:27]} 21. fxe4
{[%clk 0:18:04]} Bc8 {[%clk 0:27:11]} 22. Rxb8 {[%clk 0:16:30]} Nxb8
{[%clk 0:27:29]} 23. Rb2 {[%clk 0:16:29]} Nf4 {[%clk 0:26:21]} 24. Bf1
{[%clk 0:16:48]} h5 {[%clk 0:23:57]} 25. Bxf4 {[%clk 0:15:54]} Bg4
{[%clk 0:23:58]} 26. Be2 {[%clk 0:11:42]} Rxf4 {[%clk 0:24:02]} 27. Bxg4
{[%clk 0:12:06]} hxg4 {[%clk 0:23:43]} 28. Nd2 {[%clk 0:08:43]} Nd7
{[%clk 0:23:34]} 29. Nac4 {[%clk 0:08:52]} Bg5 {[%clk 0:21:18]} 30. g3
{[%clk 0:08:54]} Rf7 {[%clk 0:21:43]} 31. Qxg4 {[%clk 0:08:30]} Bxd2
{[%clk 0:22:03]} 32. Rxd2 {[%clk 0:08:50]} Nf6 {[%clk 0:22:07]} 33. Qg6
{[%clk 0:05:17]} Qd7 {[%clk 0:21:48]} 34. Rb2 {[%clk 0:04:22]} Qa4
{[%clk 0:21:26]} 35. Rb8+ {[%clk 0:04:14]} Ne8 {[%clk 0:21:52]} 36. Kg2
{[%clk 0:04:05]} Rf8 {[%clk 0:19:15]} 37. Nxd6 {[%clk 0:02:57]} Qd1
{[%clk 0:16:47]} 38. Nf5 {[%clk 0:02:11]} Qe2+ {[%clk 0:16:02]} 39. Kh3
{[%clk 0:02:27]} Qf1+ {[%clk 0:15:54]} 40. Kh4 {[%clk 0:32:43]} Qe2
{[%clk 0:45:23]} 41. Nh6+ {[%clk 0:32:20]} Kh8 {[%clk 0:45:37]} 42. Ng4 1-0

[Event "WCO 2016"]
[Site "?"]
[Date "2016.09.09"]
[Round "7"]
[Board "9"]
[WhiteID "12600148"]
[White "Anquandah Francis Eric"]
[BlackID "1018000"]
[Black "Blijstra Wim"]
[Result "0-1"]
[BlackElo "2216"]
[WhiteElo "1951"]
[LiveChessVersion "1.4.8"]

1. e4 {[%clk 1:30:57]} c5 {[%clk 1:30:53]} 2. Nf3 {[%clk 1:31:25]} d6
{[%clk 1:31:10]} 3. d4 {[%clk 1:31:50]} cxd4 {[%clk 1:31:34]} 4. Bb5+
{[%clk 1:32:13]} Nd7 {[%clk 1:31:12]} 5. Nxd4 {[%clk 1:29:52]} Ngf6
{[%clk 1:30:44]} 6. Nc3 {[%clk 1:29:51]} a6 {[%clk 1:30:59]} 7. Be2
{[%clk 1:30:00]} b5 {[%clk 1:27:58]} 8. Be3 {[%clk 1:19:14]} Bb7 {[%clk 1:26:52]}
9. f3 {[%clk 1:18:53]} e6 {[%clk 1:24:02]} 10. a3 {[%clk 1:16:18]} Be7
{[%clk 1:22:41]} 11. Qd2 {[%clk 1:16:16]} O-O {[%clk 1:20:51]} 12. g4
{[%clk 1:16:01]} Ne5 {[%clk 1:17:12]} 13. b3 {[%clk 1:12:03]} Rc8
{[%clk 1:14:05]} 14. g5 {[%clk 1:11:11]} Nfd7 {[%clk 1:11:23]} 15. O-O
{[%clk 0:57:48]} Nc6 {[%clk 0:58:25]} 16. Nxc6 {[%clk 0:52:13]} Bxc6
{[%clk 0:57:14]} 17. Bd3 {[%clk 0:49:47]} Qc7 {[%clk 0:56:59]} 18. Ne2
{[%clk 0:49:22]} d5 {[%clk 0:56:30]} 19. exd5 {[%clk 0:43:41]} Bxd5
{[%clk 0:56:32]} 20. Nf4 {[%clk 0:41:19]} Bb7 {[%clk 0:55:42]} 21. Nh5
{[%clk 0:32:29]} Ne5 {[%clk 0:54:02]} 22. Be4 {[%clk 0:28:00]} Bxe4
{[%clk 0:51:50]} 23. fxe4 {[%clk 0:28:27]} Qxc2 {[%clk 0:50:54]} 24. Qd4
{[%clk 0:25:40]} Qc5 {[%clk 0:44:55]} 25. Qd2 {[%clk 0:24:48]} Qc3
{[%clk 0:39:35]} 26. Rac1 {[%clk 0:13:01]} Qxd2 {[%clk 0:38:06]} 27. Bxd2
{[%clk 0:12:21]} Bxa3 {[%clk 0:38:33]} 28. Ra1 {[%clk 0:11:34]} Bc5+
{[%clk 0:38:49]} 29. Kg2 {[%clk 0:11:55]} Rc6 {[%clk 0:39:07]} 30. Rfc1
{[%clk 0:10:42]} Rfc8 {[%clk 0:38:58]} 31. Bf4 {[%clk 0:05:57]} Nd3
{[%clk 0:33:05]} 32. Rd1 {[%clk 0:05:34]} Nxf4+ {[%clk 0:31:03]} 33. Nxf4
{[%clk 0:06:02]} Be3 {[%clk 0:31:17]} 34. Kf3 {[%clk 0:04:40]} Bc5
{[%clk 0:26:03]} 35. Nd3 {[%clk 0:04:16]} Bd4 {[%clk 0:26:26]} 36. Ra2
{[%clk 0:03:39]} Bc3 {[%clk 0:26:53]} 37. b4 {[%clk 0:03:44]} Kf8
{[%clk 0:27:06]} 38. Nc5 {[%clk 0:03:42]} Bxb4 {[%clk 0:27:12]} 39. Nxa6
{[%clk 0:03:37]} Bd6 {[%clk 0:27:36]} 40. e5 {[%clk 0:32:23]} Rc3+
{[%clk 0:56:48]} 41. Ke4 {[%clk 0:31:51]} R8c4+ {[%clk 0:57:01]} 42. Rd4
{[%clk 0:32:02]} Rxd4+ {[%clk 0:57:17]} 43. Kxd4 {[%clk 0:32:25]} Rc4+
{[%clk 0:57:44]} 44. Kd3 {[%clk 0:32:07]} Bxe5 {[%clk 0:58:10]} 45. Ra5
{[%clk 0:31:55]} Rg4 {[%clk 0:56:02]} 46. Nc5 {[%clk 0:24:55]} Rd4+
{[%clk 0:52:38]} 47. Ke3 {[%clk 0:25:01]} Rd5 {[%clk 0:53:05]} 48. Ra8+
{[%clk 0:25:16]} Ke7 {[%clk 0:53:07]} 49. Ra7+ {[%clk 0:25:04]} Ke8
{[%clk 0:53:29]} 50. Nb3 {[%clk 0:20:01]} Bxh2 {[%clk 0:53:42]} 51. Ke4
{[%clk 0:20:04]} Bg1 {[%clk 0:51:55]} 52. Rb7 {[%clk 0:19:42]} Rxg5
{[%clk 0:51:57]} 53. Na5 {[%clk 0:19:51]} Rc5 {[%clk 0:52:20]} 54. Rb8+
{[%clk 0:19:39]} Ke7 {[%clk 0:52:44]} 55. Nb3 {[%clk 0:19:11]} Rd5
{[%clk 0:53:03]} 56. Na5 {[%clk 0:19:17]} h5 {[%clk 0:53:26]} 57. Nc6+
{[%clk 0:18:59]} Kf6 {[%clk 0:53:53]} 58. Rf8 {[%clk 0:18:33]} g5
{[%clk 0:54:02]} 59. Nd8 {[%clk 0:18:30]} Rd4+ {[%clk 0:54:03]} 60. Kf3
{[%clk 0:18:52]} Rd7 {[%clk 0:54:18]} 61. Rh8 {[%clk 0:18:34]} Bb6
{[%clk 0:53:20]} 62. Nc6 {[%clk 0:18:53]} Rd3+ {[%clk 0:53:18]} 63. Kg2
{[%clk 0:19:02]} Rc3 {[%clk 0:52:52]} 64. Nb8 {[%clk 0:19:17]} Bc7
{[%clk 0:52:48]} 65. Nd7+ {[%clk 0:19:17]} Kg6 {[%clk 0:53:07]} 66. Rg8+
{[%clk 0:18:49]} Kf5 {[%clk 0:52:06]} 67. Rg7 {[%clk 0:19:07]} Rc2+
{[%clk 0:52:24]} 68. Kf1 {[%clk 0:19:23]} f6 {[%clk 0:52:39]} 69. Nf8
{[%clk 0:19:37]} b4 {[%clk 0:52:42]} 70. Re7 {[%clk 0:19:51]} b3 {[%clk 0:53:00]}
71. Nxe6 {[%clk 0:19:14]} Be5 {[%clk 0:53:07]} 0-1

[Event "WCO 2016"]
[Site "?"]
[Date "2016.09.09"]
[Round "7"]
[Board "30"]
[WhiteID "31000185"]
[White "Molod Jonathan"]
[BlackID "16100239"]
[Black "Fidow Kassim Hassan"]
[Result "1-0"]
[BlackElo "1567"]
[WhiteElo "1943"]
[LiveChessVersion "1.4.8"]

1. d4 {[%clk 1:30:49]} Nf6 2. c4 e6 {[%clk 1:30:02]} 3. Nc3 {[%clk 1:30:48]} Bb4
{[%clk 1:30:22]} 4. Bd2 {[%clk 1:30:26]} O-O {[%clk 1:30:42]} 5. Nf3
{[%clk 1:30:33]} d5 {[%clk 1:31:02]} 6. e3 {[%clk 1:30:41]} c5 {[%clk 1:31:26]}
7. dxc5 {[%clk 1:29:31]} dxc4 {[%clk 1:31:42]} 8. Bxc4 {[%clk 1:29:32]} Bxc5
{[%clk 1:31:59]} 9. O-O {[%clk 1:29:40]} Nbd7 {[%clk 1:32:19]} 10. a3
{[%clk 1:28:05]} a6 {[%clk 1:32:39]} 11. Qc2 {[%clk 1:27:55]} b5 {[%clk 1:33:02]}
12. Bd3 {[%clk 1:26:09]} Bb7 {[%clk 1:33:15]} 13. Ne4 {[%clk 1:15:01]} Rc8 14.
Qb1 {[%clk 1:02:35]} h6 {[%clk 1:27:34]} 15. Rd1 {[%clk 1:00:10]} Ng4
{[%clk 1:26:32]} 16. Bc3 {[%clk 0:55:06]} f5 {[%clk 1:26:26]} 17. Ng3
{[%clk 0:52:00]} Qb6 {[%clk 1:24:48]} 18. Nf1 {[%clk 0:39:41]} Rf7
{[%clk 1:20:24]} 19. Bd4 {[%clk 0:26:01]} f4 {[%clk 1:05:38]} 20. b4
{[%clk 0:15:17]} Bxd4 {[%clk 1:04:53]} 21. exd4 {[%clk 0:15:21]} Ngf6
{[%clk 0:56:59]} 22. N1d2 {[%clk 0:14:04]} g5 {[%clk 0:56:55]} 23. Ne4
{[%clk 0:14:02]} g4 {[%clk 0:56:33]} 24. Nxf6+ {[%clk 0:12:25]} Nxf6
{[%clk 0:54:47]} 25. Ne5 {[%clk 0:12:45]} Rg7 {[%clk 0:54:58]} 26. g3
{[%clk 0:13:00]} fxg3 {[%clk 0:52:57]} 27. hxg3 {[%clk 0:13:15]} Rd8
{[%clk 0:50:39]} 28. Qb2 {[%clk 0:12:43]} Rg5 {[%clk 0:50:50]} 29. Bf1
{[%clk 0:09:45]} Rh5 {[%clk 0:44:40]} 30. Bg2 {[%clk 0:09:55]} Bxg2 31. Kxg2 Qb7+
{[%clk 0:44:07]} 32. f3 {[%clk 0:09:44]} gxf3+ 33. Nxf3 Ng4 {[%clk 0:39:13]} 34.
Rh1 {[%clk 0:09:41]} Rf5 {[%clk 0:38:56]} 35. Qb3 Kg7 {[%clk 0:28:53]} 36. Rad1
{[%clk 0:09:14]} Rdf8 {[%clk 0:28:58]} 37. Rd3 {[%clk 0:08:20]} e5
{[%clk 0:28:53]} 38. dxe5 {[%clk 0:01:34]} Nxe5 {[%clk 0:28:01]} 39. Rf1
{[%clk 0:01:00]} Nxd3 {[%clk 0:24:56]} 40. Qxd3 {[%clk 0:01:21]} R8f7 41. Qd4+
Kg6 {[%clk 0:21:31]} 42. Qd3 {[%clk 0:00:36]} R7f6 {[%clk 0:51:36]} 43. g4
{[%clk 0:31:45]} Qd5 {[%clk 0:50:37]} 44. gxf5+ {[%clk 0:29:03]} Rxf5
{[%clk 0:44:43]} 45. Qxd5 {[%clk 0:28:16]} Rxd5 {[%clk 0:45:11]} 46. Rc1
{[%clk 0:28:07]} Rd6 {[%clk 0:45:17]} 47. Kg3 {[%clk 0:27:56]} h5
{[%clk 0:45:10]} 48. Rc3 {[%clk 0:27:06]} Re6 {[%clk 0:44:53]} 49. Nd4
{[%clk 0:26:53]} h4+ {[%clk 0:44:35]} 50. Kh3 {[%clk 0:26:59]} Re4
{[%clk 0:44:57]} 51. Nf3 {[%clk 0:26:18]} Rc4 {[%clk 0:44:22]} 52. Ne5+
{[%clk 0:26:04]} 1-0

[Event "WCO 2016"]
[Site "?"]
[Date "2016.09.09"]
[Round "7"]
[Board "12"]
[WhiteID "10001875"]
[White "Mwaisumbe Emmanuel"]
[BlackID "11800054"]
[Black "Volpinari Danilo"]
[Result "1-0"]
[BlackElo "1976"]
[WhiteElo "1662"]
[LiveChessVersion "1.4.8"]

1. e4 {[%clk 1:30:14]} c5 {[%clk 1:30:54]} 2. Nf3 {[%clk 1:30:42]} g6
{[%clk 1:31:16]} 3. d4 {[%clk 1:29:23]} cxd4 {[%clk 1:31:43]} 4. Nxd4
{[%clk 1:29:36]} Bg7 {[%clk 1:32:08]} 5. Be3 {[%clk 1:30:03]} Nc6
{[%clk 1:32:30]} 6. Nc3 {[%clk 1:28:24]} Nf6 {[%clk 1:32:28]} 7. Bc4
{[%clk 1:28:27]} O-O {[%clk 1:32:08]} 8. Bb3 {[%clk 1:25:52]} a5 {[%clk 1:29:34]}
9. f3 {[%clk 1:21:27]} d5 {[%clk 1:17:38]} 10. exd5 {[%clk 1:18:27]} Nb4
{[%clk 1:14:46]} 11. Nde2 {[%clk 1:07:37]} a4 {[%clk 1:05:15]} 12. Nxa4
{[%clk 1:00:01]} Nbxd5 {[%clk 0:38:47]} 13. Bd4 {[%clk 0:57:01]} Qa5+
{[%clk 0:32:40]} 14. c3 {[%clk 0:48:44]} Rd8 {[%clk 0:32:36]} 15. Qc1
{[%clk 0:46:09]} Bf5 {[%clk 0:24:38]} 16. O-O {[%clk 0:41:14]} Rac8
{[%clk 0:24:37]} 17. Re1 {[%clk 0:31:39]} Bd7 {[%clk 0:22:14]} 18. Bxf6
{[%clk 0:20:28]} Nxf6 {[%clk 0:21:09]} 19. Qf4 {[%clk 0:19:50]} b5
{[%clk 0:20:28]} 20. Nc5 {[%clk 0:15:16]} Qa7 {[%clk 0:19:44]} 21. Bxf7+
{[%clk 0:14:37]} Kxf7 {[%clk 0:20:12]} 22. b4 {[%clk 0:14:45]} Kg8
{[%clk 0:17:04]} 23. Kh1 {[%clk 0:14:43]} Nd5 {[%clk 0:14:55]} 24. Qd2
{[%clk 0:13:21]} Bf5 {[%clk 0:10:42]} 25. Nd4 {[%clk 0:13:03]} Nxc3
{[%clk 0:10:36]} 26. Qxc3 {[%clk 0:12:51]} Bxd4 {[%clk 0:10:50]} 27. Qb3+
{[%clk 0:13:19]} Kf8 {[%clk 0:08:46]} 28. Rac1 {[%clk 0:12:37]} Qb6
{[%clk 0:06:57]} 29. g4 {[%clk 0:12:23]} Bxg4 {[%clk 0:04:36]} 30. fxg4
{[%clk 0:12:51]} Qc6+ {[%clk 0:04:32]} 31. Ne4 {[%clk 0:12:53]} Qxc1
{[%clk 0:04:24]} 32. Rxc1 {[%clk 0:12:28]} Rxc1+ {[%clk 0:04:52]} 33. Kg2
{[%clk 0:12:15]} Rg1+ {[%clk 0:04:02]} 34. Kh3 {[%clk 0:12:20]} Be5
{[%clk 0:01:32]} 35. Ng5 {[%clk 0:12:34]} Ke8 {[%clk 0:00:37]} 36. Qf7+
{[%clk 0:12:14]} Kd7 {[%clk 0:01:03]} 37. Qe6+ {[%clk 0:11:56]} Ke8
{[%clk 0:01:20]} 38. Qxe5 {[%clk 0:10:35]} Rd3+ {[%clk 0:01:11]} 39. Kh4
{[%clk 0:10:28]} h5 {[%clk 0:01:01]} 40. Qxb5+ {[%clk 0:40:44]} Rd7
{[%clk 0:31:16]} 41. gxh5 {[%clk 0:39:16]} gxh5 {[%clk 0:31:12]} 42. Kxh5
{[%clk 0:38:47]} Rgd1 {[%clk 0:31:14]} 43. Qc4 {[%clk 0:31:25]} R1d5
{[%clk 0:28:28]} 44. a4 {[%clk 0:30:28]} R7d6 {[%clk 0:25:51]} 45. Qc8+
{[%clk 0:30:16]} Rd8 {[%clk 0:26:16]} 46. Qe6 {[%clk 0:30:18]} R8d6
{[%clk 0:25:48]} 47. Qc8+ {[%clk 0:29:49]} Rd8 {[%clk 0:26:13]} 48. Qc6+
{[%clk 0:29:48]} R8d7 {[%clk 0:25:36]} 49. b5 {[%clk 0:29:51]} R5d6
{[%clk 0:24:31]} 50. Qc3 {[%clk 0:29:09]} Rd4 {[%clk 0:20:12]} 51. b6
{[%clk 0:28:42]} 1-0

[Event "WCO 2016"]
[Site "?"]
[Date "2016.09.09"]
[Round "7"]
[Board "17"]
[WhiteID "6800068"]
[White "Mctigue James"]
[BlackID "10700099"]
[Black "Rowe Peter"]
[Result "1-0"]
[BlackElo "1966"]
[WhiteElo "2205"]
[LiveChessVersion "1.4.8"]

1. e4 {[%clk 1:30:54]} d6 {[%clk 1:30:46]} 2. d4 {[%clk 1:31:13]} Nf6
{[%clk 1:31:07]} 3. Nc3 {[%clk 1:31:30]} e5 {[%clk 1:31:21]} 4. dxe5
{[%clk 1:31:29]} dxe5 {[%clk 1:31:37]} 5. Qxd8+ {[%clk 1:31:43]} Kxd8
{[%clk 1:31:59]} 6. Bc4 {[%clk 1:23:47]} Bb4 {[%clk 1:29:26]} 7. Bg5
{[%clk 1:21:23]} Ke7 {[%clk 1:25:40]} 8. Nge2 {[%clk 1:18:20]} Be6
{[%clk 1:24:02]} 9. Bxe6 {[%clk 1:16:21]} Kxe6 {[%clk 1:23:04]} 10. O-O-O
{[%clk 1:13:47]} c6 {[%clk 1:23:34]} 11. Rd3 {[%clk 0:59:53]} Nbd7
{[%clk 1:15:41]} 12. Rhd1 {[%clk 0:53:48]} h6 {[%clk 1:09:07]} 13. Bh4
{[%clk 0:52:08]} g5 {[%clk 1:06:14]} 14. Bg3 {[%clk 0:49:18]} Rhd8
{[%clk 1:01:56]} 15. f3 {[%clk 0:47:42]} b5 {[%clk 0:49:29]} 16. Bf2
{[%clk 0:45:31]} Nh5 {[%clk 0:39:47]} 17. g3 {[%clk 0:40:13]} Ke7
{[%clk 0:37:45]} 18. a3 {[%clk 0:36:40]} Bxc3 {[%clk 0:34:37]} 19. Nxc3
{[%clk 0:36:36]} Nb6 {[%clk 0:33:14]} 20. Bc5+ {[%clk 0:35:28]} Ke8
{[%clk 0:33:15]} 21. Rd6 {[%clk 0:31:52]} f6 {[%clk 0:26:15]} 22. Rxc6
{[%clk 0:29:01]} Rxd1+ {[%clk 0:24:54]} 23. Nxd1 {[%clk 0:26:43]} Kd7
{[%clk 0:20:42]} 24. Rd6+ {[%clk 0:25:24]} Kc7 {[%clk 0:20:50]} 25. Ne3
{[%clk 0:24:49]} Na4 {[%clk 0:13:11]} 26. Nd5+ {[%clk 0:24:16]} Kc8
{[%clk 0:13:00]} 27. Be3 {[%clk 0:21:57]} Rb8 {[%clk 0:09:35]} 28. Bxa7
{[%clk 0:20:25]} Rb7 {[%clk 0:09:10]} 29. Be3 {[%clk 0:20:19]} 1-0